000 00675nam a2200205 i 4500
001 58598
003 ES-MaACL
005 20250804072408.0
007 t|
008 031023s1982 sp ||||1| spa d
100 1 _aDurrell, Gerald (
_d1925-1995)
_946320
245 1 0 _aAtrĂ¡pame ese mono /
_cGerald Durrell ; [traductor, Fernando Santos Fontenla].
260 _aMadrid :
_bAlianza,
_c[1982]
300 _a210 p. ;
_c18 cm.
490 1 _aEl libro de bolsillo. Literatura ;
_v909
700 1 _aSantos Fontenla, Fernando.
_9103502
830 0 3 _aEl libro de bolsillo.
_pLiteratura
_v909
_9180913
852 _aES-MaACL
_jL-4035
_bR.103993
999 _c58598
_d58598